000
00306nam a22001337a 4500
008
181010b xxu||||| |||| 00| 0 eng d
020
_a
842250271
041
_a
eng
080
_a
159.9
100
_a
48
101
_a
PSI
245
_a
Foundations of Exmperimental Psychology
_c
Kalat,J.W
942
_2
udc
_c
BK
999
_c
49264
_d
49264